Túp lều Bác Tôm

Đã lưu trong:
Sonraí Bibleagrafaíochta
Príomhúdar: Stowe, Harriet Beecher
Formáid: Leabhar
Teanga:Undetermined
Foilsithe: Hà Nội Văn hóa Thông tin 2005
Ábhair:
Clibeanna: Cuir Clib Leis
Gan Chlibeanna, Bí ar an gcéad duine leis an taifead seo a chlibeáil!
Thư viện lưu trữ: Trung tâm Học liệu Trường Đại học Cần Thơ
LEADER 00576nam a2200205Ia 4500
001 CTU_94998
008 210402s9999 xx 000 0 und d
020 |c 62000 
082 |a 813.4 
082 |b S892 
100 |a Stowe, Harriet Beecher 
245 0 |a Túp lều Bác Tôm 
245 0 |c Harriet Beecher Stowe 
260 |a Hà Nội 
260 |b Văn hóa Thông tin 
260 |c 2005 
650 |a American fiction (Vietnamese),American literature 
650 |y 19th century 
904 |i Trúc 
980 |a Trung tâm Học liệu Trường Đại học Cần Thơ